| 000 | 01254nac a22003371u 4500 | ||
|---|---|---|---|
| 003 | EG-ScBUE | ||
| 005 | 20220417103153.0 | ||
| 008 | 200219s2006 enka f b 001 0 eng d | ||
| 020 | _a9780521612357 (pbk.) | ||
| 020 | _a0521612357 (pbk.) | ||
| 035 | _a(OCoLC)ocm62532880 | ||
| 040 |
_aEG-ScBUE _beng _erda _cEG-ScBUE _dEG-ScBUE |
||
| 082 | 0 | 4 |
_a410 _bINT _222 |
| 245 | 0 | 3 |
_aAn introduction to language and linguistics / _cedited by Ralph Fasold and Jeff Connor-Linton. |
| 264 | 1 |
_aCambridge : _bCambridge University Press, _c2006. |
|
| 300 |
_axv, 540 pages : _billustrations ; _c26 cm |
||
| 336 |
_2rdacontent _atext _btxt |
||
| 337 |
_2rdamedia _aunmediated _bn |
||
| 338 |
_2rdacarrier _avolume _bnc |
||
| 504 | _aIncludes bibliographical references and index. | ||
| 650 | 7 |
_aLinguistics. _2BUEsh |
|
| 650 | 7 |
_aLanguage and languages. _2BUEsh |
|
| 651 | _2BUEsh | ||
| 653 |
_bHHUUEENN _cApril2022 |
||
| 655 |
_vReading book _934232 |
||
| 700 | 1 |
_aFasold, Ralph W., _eeditor. |
|
| 700 | 1 |
_aConnor-Linton, Jeff., _eeditor. |
|
| 856 | 4 | 2 |
_3Publisher description _uhttp://www.loc.gov/catdir/enhancements/fy0661/2006276715-d.html |
| 856 | 4 | 2 |
_3Table of contents only _uhttp://www.loc.gov/catdir/enhancements/fy0661/2006276715-t.html |
| 942 |
_cBB _2ddc |
||
| 999 |
_c2089 _d2089 |
||